000
00250nam a22000857a 4500
008
160718b xxu||||| |||| 00| 0 eng d
100
_9
3027
_a
Mandell, M
245
_a
Simple Science Experiments with Everyday Materials
260
_a
New York
_b
Sterling
_c
1989
999
_c
2590
_d
2590